[Event "Saarland-ch C"]
[Site "Saarlouis Steinrausch"]
[Date "2005.03.22"]
[Round "5"]
[White "Ludwig, Lisa"]
[Black "Pallier, Alfons"]
[Result "1/2-1/2"]
[WhiteElo "1303"]
[BlackElo "1503"]
[PlyCount "99"]
[EventDate "2005.03.18"]
[EventType "swiss"]
[EventRounds "9"]
[EventCountry "GER"]
[SourceTitle "EXT 2012"]
[Source "ChessBase"]
[SourceDate "2011.11.24"]
[SourceVersion "1"]
[SourceVersionDate "2011.11.24"]
[SourceQuality "1"]

1. Nc3 Nf6 2. e4 e5 3. Bc4 Nc6 4. d3 Bc5 5. Nf3 0-0 6. 0-0 d6 7. Bg5 Be6 8. Nd5 Bxd5 9. Bxd5 Ne7 10. Bc4 Ng6 11. Nh4 Nxh4 12. Bxh4 Qd7 13. Kh1 c6 14. f4 Ng4 15. Qf3 Ne3 16. Rfc1 Nxc4 17. dxc4 exf4 18. Qxf4 Bd4 19. c3 Be5 20. Qf3 Qe6 21. b3 Qh6 22. Bg3 Qe6 23. Bf2 b6 24. Re1 c5 25. Rac1 Qh6 26. Bg3 Rae8 27. Rcd1 Re6 28. Bxe5 Rxe5 29. Qd3 Rd8 30. Kg1 Qe6 31. Re2 h6 32. h3 f5 33. Red2 Rxe4 34. Qg3 f4 35. Qh4 g5 36. Qh5 Kg7 37. Rd5 Re1+ 38. Rxe1 Qxe1+ 39. Kh2 Qe6 40. Rxg5+ Kh7 41. Qh4 Rf8 42. Rg4 Qe5 43. Qf2 h5 44. Rh4 Kh6 45. Qd2 Rf6 46. g4 Qe3 47. Rxh5+ Kg7 48. Qd5 Qg3+ 49. Kh1 Qe1+ 50. Kh2 1/2-1/2